000 00844cam a22002533a 4500
001 20007
003 PGUSA
005 20140828083426.0
008 061203s2006||||xxu|||||s|||||000 | eng d
040 _aPGUSA
_beng
042 _adc
050 4 _aDA
100 1 _aDisraeli, Benjamin, Earl of Beaconsfield,
_d1804-1881
245 1 0 _aLord George Bentinck :
_bA Political Biography
_h[electronic resource] /
_cBenjamin, Earl of Beaconsfield Disraeli
260 _bProject Gutenberg,
_c2006
506 _aPublic domain in the USA.
516 _aElectronic text
653 _aBentinck, George, Lord, 1802-1848
653 _aGreat Britain -- Politics and government -- 1837-1901
653 _aPoliticians -- Great Britain -- Biography
830 0 _aProject Gutenberg
_v20007
856 4 0 _uhttp://www.gutenberg.org/ebooks/20007
942 _cEB
999 _c249262
_d249262